Saving the seed : Genetic diversity and European agriculture

Bibliographic Details
Main Author: VELLVE
Corporate Author: Genetic Resources Action International
Format: Book
Published: London : Earthscan Publications , 1992
Subjects:

MARC

LEADER 00000cam a2200000 7i4500
001 0000000439
005 20000815.0
020 0 0 |a 1853831506 
090 0 0 |a 333.95316094   |b VEL 1992 
100 1 0 |a VELLVE   |h Renée 
245 1 0 |a Saving the seed :   |b Genetic diversity and European agriculture   |c Renée Vellvé 
260 0 0 |a London :   |b Earthscan Publications ,   |c 1992 
300 |a 206 p. :   |b ill. ;   |c 22 cm. 
500 0 0 |a Bibliography: [p. 184-200] and index 
650 0 0 |a Crops   |x Germplasm resources 
650 0 0 |a Crops   |z Europe   |x Germplasm resources 
650 0 0 |a Gene banks, Plant 
650 0 0 |a Gene banks, Plant   |z Europe 
710 1 1 |a Genetic Resources Action International 
999 |a 0000001550   |b Monograph   |c Open Shelf   |e Default branch